000 00679nam a2200229Ia 4500
005 20250425162548.0
008 250425s9999 xx 000 0 und d
020 _a0131717944
041 _aeng
082 _a629.8
100 _aBANKS, STEPHEN P.
245 0 _aCONTROL SYSTEMS ENGINEERING: MODELLING AND SIMULATION, CONTROL THEORY AND MICROPROCESSOR IMPLEMENTATION
250 _aS.E.
260 _aENGLEWOOD
260 _aEstados Unidos
_bPRENTICE-HALL
_c1986
300 _a614
500 _aPRENTICE - HALL INTERNATIONAL SERIES IN SYSTEMS AND CONTROL ENGINEERING
650 _aCONTROL AUTOMATICO
650 _aMICROPROCESADORES
942 _c01
010 _a85747
999 _c231780
_d231780